000 00729nam a22001937a 4500
999 _c17700
_d17700
003 AR-CdUCM
008 190430b ||||| |||| 00| 0 spa d
040 _aMUNICIPALIDAD PROVINCIAL DEL CUSCO
_cBIBLIOTECA MUNICIPAL DEL CUSCO
041 _hrus
082 _a335.4 /
_bL44
100 _aLenin, V. L.
_97072
245 _aEl imperialismo, fase superior del capitalismo /
260 _aMoscu. :
_bProgreso,
300 _a130 paginas ;
_c21 cm.
505 _aContenido : La concentración de la producción y los monopolios -- Los bancos y su nuevo papel -- El capital financiero y la oligarquía financiera -- La exportación de capital...
650 _aCapitalismo
_93221
942 _2ddc
_cLIBROS
945 _apjha
_d2019-05-09